Stochastické modelovanie vybraných druhov životného poistenia v diskrétnom čase

Gespeichert in:
Bibliographische Detailangaben
1. Verfasser: Šoltésová, Tatiana, 1975-
Körperschaft: Fakulta hospodárskej informatiky EU. Katedra matematiky a aktuárstva
Format: Buch
Sprache:Slowakisch
Veröffentlicht: Bratislava 2015
Schlagworte:
Tags: Tag hinzufügen
Keine Tags, Fügen Sie das erste Tag hinzu!

MARC

LEADER 00000nam a2200000 4500
001 0205194
005 20240502073423.9
041 0 |a slo 
044 |a SK 
245 1 0 |a Stochastické modelovanie vybraných druhov životného poistenia v diskrétnom čase  |c Tatiana Šoltésová 
264 1 |a Bratislava  |c 2015 
300 |a [5 s., 3,75 NS] 
610 2 0 |a poistenie životné 
610 2 0 |a modelovanie 
100 1 |a Šoltésová, Tatiana, 1975- 
710 2 |a Fakulta hospodárskej informatiky EU. Katedra matematiky a aktuárstva